01648nam a22002657a 4500003000400000005001700004008004100021010001300062020001100075035002300086037001600109040001500125082004500140100006300185245041100248246017700659260006700836270013300903300006601036500007501102650004901177650009801226650002001324650003801344dpl20190423121538.0190423b ||||| |||| 00| 0 eng d aB-075722 c600.00 aB-075722, B-075726 bCen Lib/Ret aDPLbHNc0 a303.484092bश्रीवास्त  aश्रीवास्तव, अजय कुमार  aराजा राम मोहनराय और सामाजिक परिवर्तन :cअजय कुमार श्रीवास्तवbभारतीय समाज के परिवर्तन के सन्दर्भ में राजा राम मोहन राय के विचारों का समाज वैज्ञानिक अध्ययन / aRajaram mohan ray aur samajik parivartan : bhartiya samaj ke parivartan ke sandarbh me rajaram mohan ray ke vicharon ka samaj vegyanik adhyayn bby Ajay Kumar Shreevastava  aवाराणसी bकला प्रकाशन c2002 aबी -33/33, ए , 1 न्यू साकेत कॉलोनी बी.एच्. यु.bवाराणसी e221005 aviii,303पृष्ठ. c21सेमी(सजिल्द) aसन्दर्भ ग्रन्थ सूची शामिल  aसामाजिक विज्ञान  aशिक्षा का स्वरुप - राजा राम मोहन राय  aSocial Sciences aAs education - Raja Ram Mohan Roy